000 00367nam a2200145Ia 4500
008 220803s9999 xx 000 0 und d
020 _a81-7993-011-4
041 _aeng
082 _a720.47 TER
100 _aTeri
_919536
245 _aH To O Figuring The Flow
260 _aNew Delhi
_bTeri Pub.
_c2003
300 _a62p
650 _aEnvironmental Architecture
_919537
999 _c13308
_d13308